Posuzování a hodnocení počítačových výukových programů

Na minha lista:
Detalhes bibliográficos
Autor principal: Mazák, Eduard
Formato: Livro
Idioma:tcheco
Publicado em: Praha Ústav školských informací 1989
Tags: Adicionar Tag
Sem tags, seja o primeiro a adicionar uma tag!

MARC

LEADER 00000nam a2200000 4500
001 c034177
005 20251111091939.0
041 0 |a cze 
044 |a CZ 
245 1 0 |a Posuzování a hodnocení počítačových výukových programů  |c Eduard Mazák 
264 1 |a Praha  |b Ústav školských informací  |c 1989 
300 |a 108 s. 
100 1 |a Mazák, Eduard